000 00504nam a2200181Ia 4500
005 20250508152441.0
008 008 250505s9999 xx 000 0 eng d
037 _aTextual
040 _aFEDL
_beng
_cFEDL
041 _aeng
_2eng
084 _a372, IMH
_qFEDL
100 _aImhoff Myrtle M
_9761516
245 0 _aEarly elementary education
260 _aNew York, USA
_bAppleton - Century - Crofts
_c1959
300 _avii,371p.
942 _cTEXL
_h372, IMH
999 _c1336496
_d1336496